000 00223nam a22000857a 4500
008 160917b xxu||||| |||| 00| 0 eng d
100 _9634
_aNagaraj.G
245 _aGrammer Express-8
260 _aNew Delhi
_bFrank publications
_c2012
999 _c3293
_d3293